Breve historia de Centroamérica / (Record no. 22413)

MARC details
000 -LEADER
campo de control de longitud fija 01054cam a2200337Li 4500
001 - NÚMERO DE CONTROL
campo de control 87704
005 - FECHA Y HORA DE LA ÚLTIMA TRANSACCIÓN
campo de control 20230410103618.0
008 - DATOS DE LONGITUD FIJA--INFORMACIÓN GENERAL
campo de control de longitud fija 011120s2000 sp a f 000 0 spa d
035 ## - NÚMERO DE CONTROL DEL SISTEMA
Número de control de sistema (OCoLC)ocn492976137
040 ## - FUENTE DE CATALOGACIÓN
Centro catalogador/agencia de origen ZWZ
Normas de descripción ncafnor
Lengua de catalogación fre
Centro/agencia transcriptor ZWZ
020 ## - NÚMERO INTERNACIONAL ESTÁNDAR DEL LIBRO
Número Internacional Estándar del Libro 8420634905 (br)
020 ## - NÚMERO INTERNACIONAL ESTÁNDAR DEL LIBRO
Número Internacional Estándar del Libro 9788420634906 (br)
029 0# - OTRO NÚMERO DE CONTROL DE SISTEMA (OCLC)
Identificador de la biblioteca OCLC ZWZ
Número de control de sistema 058940383
035 ## - NÚMERO DE CONTROL DEL SISTEMA
Número de control de sistema (OCoLC)492976137
050 14 - SIGNATURA TOPOGRÁFICA DE LA BIBLIOTECA DEL CONGRESO
Número de clasificación 130 F 1436
Número de ítem P438b 2000
082 00 - NÚMERO DE LA CLASIFICACIÓN DECIMAL DEWEY
Número de clasificación 972.8
Número de edición 20
100 1# - ENTRADA PRINCIPAL--NOMBRE DE PERSONA
Nombre de persona Pérez Brignoli, Héctor.
245 10 - MENCIÓN DEL TÍTULO
Título Breve historia de Centroamérica /
Mención de responsabilidad, etc. Héctor Pérez Brignoli.
260 ## - PUBLICACIÓN, DISTRIBUCIÓN, ETC.
Lugar de publicación, distribución, etc. Madrid :
Nombre del editor, distribuidor, etc. Alianza Editorial,
Fecha de publicación, distribución, etc. DL 2000.
300 ## - DESCRIPCIÓN FÍSICA
Extensión 262 p. :
Otras características físicas ill. ;
Dimensiones 18 cm.
490 1# - MENCIÓN DE SERIE
Mención de serie El Libro de bolsillo. Humanidades, Historia ;
Designación de volumen o secuencia 4184
500 ## - NOTA GENERAL
Nota general Chronologie.
504 ## - NOTA DE BIBLIOGRAFÍA, ETC.
Nota de bibliografía, etc. Bibliogr. p. 243-251.
651 #0 - PUNTO DE ACCESO ADICIONAL DE MATERIA--NOMBRE GEOGRÁFICO
Nombre geográfico Central America
Subdivisión general History.
651 #4 - PUNTO DE ACCESO ADICIONAL DE MATERIA--NOMBRE GEOGRÁFICO
Nombre geográfico América Central
Subdivisión general Historia.
651 #7 - PUNTO DE ACCESO ADICIONAL DE MATERIA--NOMBRE GEOGRÁFICO
Nombre geográfico Amérique centrale
Subdivisión general Histoire.
Fuente del encabezamiento o término ram
830 #3 - PUNTO DE ACCESO ADICIONAL DE SERIE-TÍTULO UNIFORME
Título uniforme El Libro de bolsillo. Sección humanidades ;
Designación de volumen o secuencia 4184.
942 ## - ELEMENTOS DE ENTRADA SECUNDARIOS (KOHA)
Fuente del sistema de clasificación o colocación Clasificación de Library of Congress
Tipo de ítem Koha
946 ## - PROCESAMIENTO DE INFORMACIÓN LOCAL (OCLC)
a mfcruz
994 ## -
-- C0
-- DRFGD
Holdings
Estatus retirado Estado de pérdida Fuente del sistema de clasificación o colocación Estado de daño No para préstamo Colección Biblioteca de origen Biblioteca actual Ubicación en estantería Fecha de adquisición Serial enumeration / chronology Signatura topográfica completa Código de barras Visto por última vez Copia número Tipo de ítem Koha
    Clasificación de Library of Congress     Recursos Regionales Biblioteca Juan Bosch Biblioteca Juan Bosch Recursos Regionales (2do. Piso) 10/04/2023 1 130 F 1436 P438b 2000 00000079=952 23/10/2018 1